Countries That Are Hosting an F1 Race in 2023 - Statistics

General Stats
  • This quiz has been taken 130 times
  • The average score is 17 of 20
Answer Stats
Answer % Correct
USA
100%
Brazil
94%
Italy
94%
Australia
93%
Spain
93%
Canada
92%
Mexico
92%
UK
92%
Belgium
91%
Japan
89%
Netherlands
88%
Saudi Arabia
85%
Monaco
84%
Bahrain
83%
Qatar
80%
Singapore
78%
Austria
77%
UAE
77%
Hungary
74%
Azerbaijan
70%
No matching quizzes found
Score Distribution
Percent of People with Each Score
Percentile by Number Answered
Your Score History
You have not taken this quiz